书目信息 |
| 题名: |
电网监控与调度自动化
|
|
| 作者: | 张永健 主编 ;应敏华 , 高亮 , 王鹏 编写 | |
| 分册: | ||
| 出版信息: | 北京 中国电力出版社 2009.05 |
|
| 页数: | 276页 | |
| 开本: | 26cm | |
| 丛书名: | ||
| 单 册: | ||
| 中图分类: | TM734 | |
| 科图分类: | ||
| 主题词: | 电力系统调度--dian li xi tong diao du--监视控制--高等学校--教材 , 电力系统调度--dian li xi tong diao du--自动化--高等学校--教材 | |
| 电子资源: | ||
| ISBN: | 978-7-5083-8630-0 | |
| 000 | 01248nam0 2200313 450 | |
| 001 | 012009226838 | |
| 005 | 20091015175116.18 | |
| 010 | @a978-7-5083-8630-0@dCNY29.80 | |
| 100 | @a20091015d2009 em y0chiy0120 ea | |
| 101 | 0 | @achi |
| 102 | @aCN@b110000 | |
| 105 | @aak a 000yy | |
| 106 | @ar | |
| 200 | 1 | @a电网监控与调度自动化@Adian wang jian kong yu diao du zi dong hua@f张永健主编@Fzhang yong jian zhu bian@g应敏华, 高亮, 王鹏编写@Gying min hua,gao liang,wang peng bian xie |
| 205 | @a第3版 | |
| 210 | @a北京@c中国电力出版社@d2009.05 | |
| 215 | @a276页@c图@d26cm | |
| 300 | @a普通高等教育“十一五”国家级规划教材 | |
| 320 | @a有书目 (第275-276页) | |
| 330 | @a本书共7章,介绍了电力系统运行与监制与调度自动化的关系、监控与调度自动化系统的结构与功能、各类电量的模拟式和微机型变送器的工作原理、数据的预处理及标度变换等。 | |
| 606 | 0 | @a电力系统调度@Adian li xi tong diao du@x监视控制@x高等学校@j教材 |
| 606 | 0 | @a电力系统调度@Adian li xi tong diao du@x自动化@x高等学校@j教材 |
| 690 | @aTM734@v4 | |
| 701 | 0 | @a张永健@Azhang yong jian@4主编 |
| 702 | 0 | @a应敏华@Aying min hua@4编写 |
| 702 | 0 | @a高亮@Agao liang@4编写 |
| 702 | 0 | @a王鹏@Awang peng@4编写 |
| 801 | 0 | @aCN@bQSSK@c20091015 |
| 905 | @b763036-38@dTM734@eZ232@f3 | |
| 电网监控与调度自动化/张永健主编/应敏华, 高亮, 王鹏编写.-第3版.-北京:中国电力出版社,2009.05 |
| 276页:图;26cm |
| 普通高等教育“十一五”国家级规划教材 |
| ISBN 978-7-5083-8630-0:CNY29.80 |
| 本书共7章,介绍了电力系统运行与监制与调度自动化的关系、监控与调度自动化系统的结构与功能、各类电量的模拟式和微机型变送器的工作原理、数据的预处理及标度变换等。 |
| ● |
| 相关链接 |
|
|
|
正题名:电网监控与调度自动化
索取号:TM734/Z232
 
预约/预借
| 序号 | 登录号 | 条形码 | 馆藏地/架位号 | 状态 | 备注 |
| 1 | 763036 | 207630367 | 自科二线404/301自科库 13排1列1层/ [索取号:TM734/Z232] | 在馆 | |
| 2 | 763037 | 207630376 | 自科库301/301自科库 18排4列4层/ [索取号:TM734/Z232] | 在馆 | |
| 3 | 763038 | 207630385 | 自科库301/301自科库 18排4列4层/ [索取号:TM734/Z232] | 在馆 |